Wireless Communications and Networks / (Record no. 194685)
[ view plain ]
| 000 -LEADER | |
|---|---|
| fixed length control field | 00608 a2200181 4500 |
| 003 - CONTROL NUMBER IDENTIFIER | |
| control field | Nust |
| 005 - DATE AND TIME OF LATEST TRANSACTION | |
| control field | 20221210130320.0 |
| 040 ## - CATALOGING SOURCE | |
| Transcribing agency | Nust |
| 082 ## - DEWEY DECIMAL CLASSIFICATION NUMBER | |
| Classification number | 621.382,STA |
| 100 ## - MAIN ENTRY--PERSONAL NAME | |
| Personal name | Stallings,William |
| 245 ## - TITLE STATEMENT | |
| Title | Wireless Communications and Networks / |
| Statement of responsibility, etc. | William, Stallings |
| 250 ## - EDITION STATEMENT | |
| Edition statement | 2nd ed. |
| 260 ## - PUBLICATION, DISTRIBUTION, ETC. | |
| Place of publication, distribution, etc. | London |
| Name of publisher, distributor, etc. | Prentice Hall |
| Date of publication, distribution, etc. | 2004 |
| 300 ## - PHYSICAL DESCRIPTION | |
| Extent | xiii,559p. |
| 505 ## - FORMATTED CONTENTS NOTE | |
| Formatted contents note | Part 1: Technical Background (Page-13), Part 2: Wireless Communication Technology (Page-94) Part 3: Wireless Networking (Page-236) Part 4: Wireless Lans (Page-404). |
| 650 ## - SUBJECT ADDED ENTRY--TOPICAL TERM | |
| Topical term or geographic name entry element | Telecommunication Engineering |
| 942 ## - ADDED ENTRY ELEMENTS (KOHA) | |
| Source of classification or shelving scheme | |
| Koha item type | Book |
| Withdrawn status | Lost status | Source of classification or shelving scheme | Damaged status | Not for loan | Permanent Location | Current Location | Date acquired | Full call number | Barcode | Date last seen | Price effective from | Koha item type | Public note | Shelving location | Total Checkouts | Date last checked out |
|---|---|---|---|---|---|---|---|---|---|---|---|---|---|---|---|---|
| Military College of Signals (MCS) | Military College of Signals (MCS) | 12/12/2016 | 621.382,STA | MCS36389 | 12/08/2016 | 12/12/2016 | Book | Almirah No.35, Shelf No6 | ||||||||
| Military College of Signals (MCS) | Military College of Signals (MCS) | 12/12/2016 | 621.382,STA | MCS36890 | 02/25/2026 | 12/12/2016 | Book | Almirah No.35, Shelf No.6 | General Stacks | 2 | 01/21/2026 |
